Statistics for "Of Something" Movie Titles

Click here to take the quiz!

General Stats

  • This quiz has been taken 96,483 times
    (60,746 since last reset)
  • The average score is 19 of 28

Answer Stats

Year Movie % Correct
1939The Wizard of {Oz}
100%
1968Planet of the {Apes}
96%
1991The Silence of the {Lambs}
94%
1965The Sound of {Music}
90%
1981Raiders of the {Lost} {Ark}
89%
2014Guardians of the {Galaxy}
87%
2013The Wolf of {Wall} {Street}
85%
1962Lawrence of {Arabia}
82%
2004Shaun of the {Dead}
80%
2005The Dukes of {Hazzard}
77%
1940The Grapes of {Wrath}
76%
1991Robin Hood: Prince of {Thieves}
75%
1986Little Shop of {Horrors}
74%
2008Quantum of {Solace}
70%
2009(500) Days of {Summer}
68%
1983Terms of {Endearment}
67%
1989Field of {Dreams}
66%
1992The Last of the {Mohicans}
63%
2005The Sisterhood of the {Traveling} {Pants}
62%
2005March of the {Penguins}
59%
1987Masters of the {Universe}
56%
1964A Fistful of {Dollars}
54%
2006The Last King of {Scotland}
54%
1988The Last Temptation of {Christ}
51%
1995The Bridges of {Madison} {County}
46%
2002The Sum of {All} {Fears}
38%
1962Birdman of {Alcatraz}
37%
1990The Bonfire of the {Vanities}
33%

Score Distribution

Percentile by Number Answered

Percent of People with Each Score

Your Score History

You have not taken this quiz since the last reset